Diagnostic Interviewing /

Contiene: 1) Introducción a las entrevistas clínicas y de diagnóstico: competencias básicas y temas clave; 2) Estrategias para entrevistas, empatía e informe; 3) Problema actual, antecedentes del problema actual y antecedentes sociales; 4) Evaluación del estado mental; 5) Consideración de los factor...

Descripció completa

Guardat en:
Dades bibliogràfiques
Autor principal: Segal, Daniel L. (edición)
Format: Llibre
Idioma:anglès
Publicat: Nueva York, EUA : Springer, 2025, c2025
Matèries:
Accés en línia:Ver documento en línea
Etiquetes: Afegir etiqueta
Sense etiquetes, Sigues el primer a etiquetar aquest registre!

MARC

LEADER 00000nam^a2200000^a^4500
001 000630698
005 20260414000000.0
009 20260414175613.59
020 |a 978-1-0716-4362-4 
037 |a Acervo ITESO - Biblioteca 
041 |a ING 
082 |a 616. 89  |b SEG 
100 |a Segal, Daniel L.  |e (edición) 
240 |a 6a edición 
245 1 0 |a Diagnostic Interviewing /  |c Ed. de D.L. Segal. 
264 4 |a Nueva York, EUA :  |b Springer,  |c 2025, c2025 
264 2 |a Cham, Suiza :  |b Springer Link [distribución],  |c 2026, c2026 
300 |a 1 libro electrónico en línea (X, 606 p.) 
300 |a 1 recurso en línea 
336 |a datos para computadora  |b cod  |2 rdacontenido 
337 |a computadora  |b c  |2 rdamedio 
338 |a recurso en línea  |b cr  |2 rdasoporte 
506 0 |a Licencias ilimitadas 
520 |a Contiene: 1) Introducción a las entrevistas clínicas y de diagnóstico: competencias básicas y temas clave; 2) Estrategias para entrevistas, empatía e informe; 3) Problema actual, antecedentes del problema actual y antecedentes sociales; 4) Evaluación del estado mental; 5) Consideración de los factores neuropsicológicos en las entrevistas; 6) Trastornos depresivos; 7) Trastornos bipolares; 8) Trastornos de ansiedad; 9) Trastorno obsesivo compulsivo y trastornos relacionados; 10) Trastornos relacionados con el trauma y factores de estrés; 11) Trastornos disociativos; 12) Trastornos de síntomas somáticos y trastornos relacionados; 13) Trastornos de la alimentación; 14) Disfunciones sexuales, disforia de género y trastornos parafílicos; 15) Trastornos por consumo de sustancias; 16) Trastornos de la personalidad; 17) Esquizofrenia y otros trastornos de psicósis; 18) Entrevistar a niños; 19) Entrevistar a adultos mayores; 20) Entrevistas en entornos sanitarios, médicos y de atención integrada; 21) Entrevista a personas con riesgo de suicidio. 
521 |a Peticiones 2026 
649 |a XX 
650 |a Entrevista Psicológica -  |x Tema Principal 
650 |a Depresión 
650 |a Disfunciones Sexuales 
650 |a Neurosis Obsesivo-Compulsiva 
650 |a Trastorno Bipolar 
650 |a Trastornos de la Alimentación 
650 |a Trastorno de Estrés Postraumático 
650 |a Trastorno de Identidad Disociativa 
650 |a Neurosis 
650 |a Parafilias 
650 |a Psicosis 
650 |a Trastornos Psicosomáticos 
650 |a Psicopatología -  |x Diagnóstico 
650 |a Psiquiatría 
650 |a Psicología Clínica -  |x Tema Principal 
650 |a Medicina 
856 4 0 |u https://link-springer-com.ezproxy.iteso.mx/10.1007/978-1-0716-4362-4  |y Ver documento en línea 
910 |a Fondo General 
920 |a Electrónicos - Libros en Línea 
930 |a Plataforma Digital 
905 |a 205 
902 |a https://opac.biblio.iteso.mx/vufind/Record/000630698